[Event "45th Olympiad 2024"]
[Site "Budapest HUN"]
[Date "2024.09.22"]
[Round "11.3"]
[Board "3"]
[White "Yu, Yangyi"]
[Black "Dominguez Perez, Leinier"]
[Result "1/2-1/2"]
[WhiteElo "2703"]
[BlackElo "2748"]
[PlyCount "95"]
[EventDate "2024.09.11"]
[WhiteTeam "China"]
[BlackTeam "United States of America"]
[WhiteTeamCountry "CHN"]

1. c4 c5 2. Nc3 Nc6 3. g3 g6 4. Bg2 Bg7 5. Nf3 e6 6. h4 h6 7. d3 Nge7 8. Bd2 b6 9. Qc1 Bb7 10. O-O Nf5 $146 ({RR} 10... d6 11. a3 Qd7 12. b4 Nf5 13. Rb1 Rd8 14. e4 Nfd4 15. Nxd4 Nxd4 16. Be3 h5 17. Qd1 O-O 18. Ne2 Rc8 19. Rc1 Bc6 20. Nxd4 cxd4 21. Bd2 b5 22. cxb5 Bxb5 23. Qb3 Ba4 24. Qb1 Rc3 25. Bxc3 {0-1 Hillarp Persson,T (2491)-Ochsner,B (2514) 61st TCh-DEN Ex 2023-24 (5.1)}) 11. Re1 Rb8 12. Rb1 Ncd4 13. e4 Nxf3+ 14. Bxf3 Nd4 15. Bg2 d6 16. Ne2 h5 17. Bg5 Qd7 18. Nxd4 Bxd4 19. Be3 Bg7 20. Qd2 e5 21. b4 O-O 22. a4 a5 23. bxa5 bxa5 24. Qxa5 Bc6 25. Rxb8 Rxb8 26. Ra1 Ra8 27. Qb6 Rxa4 28. Rxa4 Bxa4 29. Qb8+ Bf8 30. Bg5 Qe8 31. Qa7 Bd7 32. Kh2 Qc8 33. Qb6 Qc6 34. Qa5 Qc8 35. Bf6 Bg4 36. Qa7 Bg7 37. Be7 Bf8 38. Bg5 Qd7 39. Qb8 Qc8 40. Qa7 Qd7 41. Qa8 Qc8 42. Qxc8 Bxc8 43. Bh3 Bxh3 44. Kxh3 Kg7 45. Bd8 f6 46. f4 f5 47. Kg2 Kf7 48. Kf3 1/2-1/2

[Event "45th Olympiad 2024"]
[Site "Budapest HUN"]
[Date "2024.09.22"]
[Round "11.3"]
[Board "4"]
[White "Aronian, Levon"]
[Black "Bu, Xiangzhi"]
[Result "1/2-1/2"]
[WhiteElo "2729"]
[BlackElo "2693"]
[PlyCount "60"]
[EventDate "2024.09.11"]
[WhiteTeam "United States of America"]
[BlackTeam "China"]
[BlackTeamCountry "CHN"]

1. e4 e5 2. Nf3 Nf6 3. Nxe5 Nxe4 4. Qe2 Qe7 5. Qxe4 d6 6. d4 dxe5 7. dxe5 Nc6 8. Nc3 Qxe5 9. Qxe5+ Nxe5 10. Bf4 f6 ({RR} 10... Bd6 11. Bg3 h5 12. h4 Bg4 13. Be2 O-O-O 14. O-O-O Bxe2 15. Nxe2 Rhe8 16. Rhe1 Ng4 17. Bxd6 Nxf2 18. Rd5 Rxd6 19. Rxd6 cxd6 20. Kd2 Ne4+ 21. Kd1 Nf6 22. Rf1 Re4 23. g3 Kd7 24. Rf5 Re5 25. Rf3 {0-1 Caruana,F (2764)-Mamedyarov,S (2738) 11th Norway Blitz 2023 (2.3)}) 11. O-O-O Bd7 12. Bb5 c6 ({RR} 12... O-O-O 13. Bxe5 fxe5 14. Bxd7+ Rxd7 15. Rxd7 Kxd7 16. Rd1+ Bd6 17. Ne4 Kc6 18. c4 Rf8 19. f3 h6 20. Kc2 a5 21. a3 b6 22. Kc3 g5 23. h3 h5 24. b4 axb4+ 25. axb4 g4 26. b5+ Kd7 27. hxg4 {0-1 Tworuszka,M (2260)-Riehle,M (2371) Titled Tue 26th Mar Late 2024 (1)}) 13. Ba4 $146 ({RR} 13. Bxe5 fxe5 14. Rhe1 O-O-O 15. Bc4 Kc7 16. Ne4 Be7 17. Rd3 b5 18. Bb3 Bf5 19. Rxd8 Rxd8 20. c3 a5 21. Bc2 h6 22. Re2 a4 23. Nd2 Bxc2 24. Kxc2 Bf6 25. Ne4 Kb6 26. f3 c5 27. Nd2 Kc6 {1-0 He,A (2501)-Riehle,M (2368) Titled Tue 8th Aug Late 2023 (4)}) ({RR} 13. Be2 O-O-O 14. Ne4 Bf5 15. Rxd8+ Kxd8 16. Rd1+ Kc7 17. Bd3 Bxe4 18. Bxe4 Bd6 19. Bg3 g6 20. c3 Re8 21. Bc2 Nc4 22. Bxd6+ Nxd6 23. Bd3 Ne4 24. Re1 Nd6 25. Rxe8 Nxe8 26. Kd2 Kd6 27. Ke3 f5 {½-½ Rogic,D (2503)-Volkmann,F (2444) AUT-chT 0809 2008 (11.4)}) 13... O-O-O 14. Rhe1 Ng6 15. Bg3 f5 16. Ne2 Bc5 17. Bb3 Rde8 18. Bf7 Re7 19. Bxg6 hxg6 20. Nf4 Rxe1 21. Rxe1 g5 22. Nd3 Bd4 23. Bd6 Rh6 24. Bc5 Bxc5 25. Nxc5 b6 26. Nxd7 Kxd7 27. h3 Rh4 28. Re3 g4 29. hxg4 Rxg4 30. g3 a5 1/2-1/2

[Event "45th Olympiad 2024"]
[Site "Budapest HUN"]
[Date "2024.09.22"]
[Round "11.4"]
[Board "1"]
[White "Abdusattorov, Nodirbek"]
[Black "Vachier-Lagrave, Maxime"]
[Result "1/2-1/2"]
[WhiteElo "2766"]
[BlackElo "2731"]
[PlyCount "82"]
[EventDate "2024.09.11"]
[WhiteTeam "Uzbekistan"]
[BlackTeam "France"]
[WhiteTeamCountry "UZB"]
[BlackTeamCountry "FRA"]

1. e4 c5 2. Nc3 d6 3. Nf3 Nf6 4. d4 cxd4 5. Nxd4 a6 6. Be3 Ng4 7. Bg5 h6 8. Bh4 g5 9. Bg3 Bg7 10. Qd2 Nc6 11. Nb3 b5 12. h4 gxh4 13. Rxh4 ({RR} 13. Bxh4 Be6 14. O-O-O Nce5 15. f3 Nf6 16. Nd4 Rc8 17. Kb1 Bc4 18. Nf5 Kf8 19. Bxf6 Bxf6 20. Rxh6 Ng6 21. Rxh8+ Bxh8 22. Qh6+ Ke8 23. Bxc4 bxc4 24. Nd5 Rb8 25. Nfxe7 Bxb2 26. c3 Bxc3+ 27. Kc2 Qa5 {1-0 Carlsen,M (2862)-Vachier Lagrave,M (2784) Chess.com Speed blitz 2020 (3.35)}) 13... b4 ({RR} 13... Nge5 14. Bxe5 Nxe5 15. Nd4 e6 16. Rh5 Nc4 17. Bxc4 bxc4 18. Rd1 Bd7 19. Nde2 Qb6 20. Qxd6 Qxd6 21. Rxd6 a5 22. Rb6 Ke7 23. Rc5 Rhc8 24. Rxc8 Rxc8 25. Kd2 Be5 26. Ra6 Bc7 27. Nd4 Bd8 28. g3 {1-0 Jaiveer,M (2220)-Kalyani Sirin (2221) 24th Tamil Nadu IM 2024 (9.1)}) 14. Nd1 Be6 15. c3 $146 ({RR} 15. Be2 h5 16. Qg5 Kf8 17. Rxh5 Rg8 18. Qd2 a5 19. a4 Nf6 20. Rh4 Nd7 21. Bf4 Bf6 22. Rh2 Bxb3 23. cxb3 Nd4 24. Bc4 Nc5 25. Be3 Ncxb3 26. Bh6+ Ke8 27. Bxb3 Nxb3 28. Qd5 Nc5 29. Qc6+ Nd7 {½-½ Frolov,A (2422)-Farkas,T (2276) Budapest FS02 IM 2020 (3)}) 15... Qb6 16. f3 bxc3 17. bxc3 Nge5 18. Bf2 Qc7 19. Nd4 Na5 20. f4 Nec4 21. Qd3 Bd7 22. Be2 Rb8 23. Rc1 e5 24. Nb3 Rc8 25. fxe5 Nxe5 26. Qxa6 Nac4 27. Ne3 Nxe3 28. Bxe3 O-O 29. Qb6 Qxb6 30. Bxb6 Ng6 31. Rh1 Rxc3 32. Rxc3 Bxc3+ 33. Kf2 Ra8 34. Rc1 Bf6 35. Rc7 Bd8 36. Rxd7 Bxb6+ 37. Kf1 Rxa2 38. Rxd6 Be3 39. Rd3 Bb6 40. Rd6 Be3 41. Rd3 Bb6 1/2-1/2

[Event "45th Olympiad 2024"]
[Site "Budapest HUN"]
[Date "2024.09.22"]
[Round "11.4"]
[Board "2"]
[White "Bacrot, Etienne"]
[Black "Yakubboev, Nodirbek"]
[Result "1/2-1/2"]
[WhiteElo "2665"]
[BlackElo "2666"]
[PlyCount "45"]
[EventDate "2024.09.11"]
[WhiteTeam "France"]
[BlackTeam "Uzbekistan"]
[WhiteTeamCountry "FRA"]
[BlackTeamCountry "UZB"]

1. e4 e5 2. Nf3 Nc6 3. Bb5 a6 4. Ba4 Nf6 5. O-O Nxe4 6. d4 b5 7. Bb3 d5 8. dxe5 Be6 9. Nbd2 Nc5 10. c3 Be7 11. Bc2 d4 12. Nb3 dxc3 13. Nxc5 Bxc5 14. Be4 Qd7 15. bxc3 Rd8 16. Qc2 Bd5 17. Bf5 Be6 18. Be4 Bd5 19. Bf5 $146 Be6 20. Be4 Bd5 {RR} 21. a4 ({RR} 21. Bg5 Bxe4 22. Qxe4 Ne7 23. Rfe1 Qd5 24. Qg4 Qe6 25. Qg3 Nf5 26. Qf4 Rd5 27. Qe4 O-O 28. g4 Ne7 29. Bxe7 Bxe7 30. Nd4 Qd7 31. e6 fxe6 32. Nxe6 Rf7 33. f4 Bf6 34. Rac1 c6 35. c4 bxc4 {½-½ Tsydypov,Z (2533)-Yakubboev,N (2630) Vladivostok Siberian Tiger Cup rapid 2022 (4)}) 21... h6 22. axb5 axb5 23. Ba3 {½-½ Areshchenko,A (2632)-Kollars,D (2612) Bundesliga 2022-23 (9.3)} 1/2-1/2

[Event "45th Olympiad 2024"]
[Site "Budapest HUN"]
[Date "2024.09.22"]
[Round "11.4"]
[Board "3"]
[White "Sindarov, Javokhir"]
[Black "Fressinet, Laurent"]
[Result "1/2-1/2"]
[WhiteElo "2677"]
[BlackElo "2616"]
[PlyCount "60"]
[EventDate "2024.09.11"]
[WhiteTeam "Uzbekistan"]
[BlackTeam "France"]
[WhiteTeamCountry "UZB"]
[BlackTeamCountry "FRA"]

1. e4 e5 2. Nf3 Nc6 3. Bc4 Nf6 4. d3 d5 5. exd5 Nxd5 6. O-O Be7 7. Re1 f6 8. c3 Bg4 9. h3 Bh5 10. a4 a6 11. Nbd2 $146 ({RR} 11. a5 Qd6 12. d4 exd4 13. cxd4 Bf7 14. Nc3 O-O 15. Nxd5 Bxd5 16. Bf4 Qd7 17. Qb3 Bxc4 18. Qxc4+ Rf7 19. d5 Na7 20. Nd4 Rd8 21. Ne6 Qxd5 22. Qe2 Rc8 23. Nxc7 Qf5 24. g4 Qxf4 25. Nd5 Qe5 {½-½ Rasulov,V (2539)-Saydaliev,S (2453) TCh-TUR 1st League 2024 (8.7)}) 11... O-O 12. Ne4 Kh8 13. a5 Bf7 14. Bd2 Qd7 15. b4 Nd8 16. Qb3 b5 17. axb6 cxb6 18. Qb1 b5 19. Bb3 Nc6 20. d4 exd4 21. Nxd4 Ndxb4 22. Bxf7 Rxf7 23. Nxb5 Rff8 24. Nc7 Qxc7 25. cxb4 Qd7 26. b5 axb5 27. Rxa8 Rxa8 28. Qxb5 Ne5 29. Qxd7 Nxd7 30. Be3 Kg8 1/2-1/2

[Event "45th Olympiad 2024"]
[Site "Budapest HUN"]
[Date "2024.09.22"]
[Round "11.4"]
[Board "4"]
[White "Lagarde, Maxime"]
[Black "Vokhidov, Shamsiddin"]
[Result "0-1"]
[WhiteElo "2598"]
[BlackElo "2650"]
[PlyCount "74"]
[EventDate "2024.09.11"]
[WhiteTeam "France"]
[BlackTeam "Uzbekistan"]
[WhiteTeamCountry "FRA"]
[BlackTeamCountry "UZB"]

1. e4 c5 2. Nf3 d6 3. Bb5+ Nd7 4. O-O a6 5. Bxd7+ Bxd7 6. Re1 e6 7. c3 ({RR} 7. d4 cxd4 8. Qxd4 Rc8 9. c4 Qc7 10. b3 Be7 11. Nc3 Nf6 12. a4 O-O 13. Ba3 Rfd8 14. Rac1 Be8 15. Red1 h6 16. h3 Nd7 17. Bxd6 Bxd6 18. Qxd6 Qxd6 19. Rxd6 Nc5 20. Rxd8 Rxd8 21. b4 Nxa4 {0-1 Kryvoruchko,Y (2682)-Duda,J (2753) POL-chT Ekstraliga 2020 (6.1)}) 7... Ne7 ({RR} 7... g6 8. d4 cxd4 9. cxd4 Bg7 10. Bg5 Ne7 11. Nc3 h6 12. Bf4 Nc8 13. e5 d5 14. Rc1 Ne7 15. Na4 Bxa4 16. Qxa4+ Qd7 17. Qa3 O-O 18. Rc2 Rfc8 19. Rec1 Rxc2 20. Rxc2 Nc6 21. Bd2 Kh7 22. h4 {0-1 Seder,M (2079)-Zdybel,P (2264) Titled Tue 7th May Late 2024 (1)}) 8. d4 Ng6 9. g3 $146 ({RR} 9. Nbd2 cxd4 10. Nxd4 Be7 11. N2b3 O-O 12. Qh5 Rc8 13. Re3 Re8 14. Rg3 Nf8 15. f4 g6 16. f5 Kh8 17. Qh6 exf5 18. exf5 Bh4 19. Bg5 Bxg5 20. Rxg5 Re5 21. Rf1 f6 22. Rg3 Kg8 23. fxg6 hxg6 {1-0 Zvara,D (2116)-Husek,M (1900) Vsetin op 40th 2015 (3)}) ({RR} 9. b4 cxb4 10. cxb4 Be7 11. Qb3 O-O 12. Nc3 b5 13. Be3 Qb8 14. Rec1 Qb7 15. d5 e5 16. Nd2 Bd8 17. Rc2 Nh4 18. g3 f5 19. f3 f4 20. Bxf4 Qb6+ 21. Kh1 Ng6 22. Bxe5 Nxe5 23. Kg2 Qe3 {0-1 Brankovic,V (2145)-Cabarkapa,N (2453) SRB-chT Premier 2020 (2.3)}) ({RR} 9. Nbd2 cxd4 10. cxd4 Be7 11. Nf1 O-O 12. g3 f5 13. exf5 Rxf5 14. Ne3 Rf7 15. d5 exd5 16. Nd4 Bf6 17. Nec2 Ne5 18. Re3 Rc8 19. f4 Bg4 20. Qf1 Nc6 21. Rd3 Nxd4 22. Nxd4 Re7 23. Bd2 Bxd4+ {0-1 Srinath,R (2302)-Ilincic,Z (2407) Kecskemet Caissa GM 12 2015 (6)}) 9... Be7 10. h4 h5 11. Nbd2 Qc7 12. Nf1 b5 13. Ne3 cxd4 14. cxd4 Qb7 15. d5 Bf6 16. dxe6 fxe6 17. Ng2 O-O 18. Qxd6 Rac8 19. Nf4 Rc6 20. Qd3 Nxf4 21. Bxf4 Bxb2 22. Rad1 Be8 23. Ng5 Bg6 24. Bd6 Re8 25. Qe3 Rc4 26. Rd3 Qc6 27. Qa7 e5 28. f4 Rc1 29. Bb4 exf4 30. gxf4 Rxe1+ 31. Bxe1 Qc1 32. Re3 Ba3 33. Kg2 Bc5 34. Qxa6 Qxe3 35. Qxg6 Qe2+ 36. Kh3 Qf1+ 37. Kh2 Bg1+ 0-1

[Event "45th Olympiad 2024"]
[Site "Budapest HUN"]
[Date "2024.09.22"]
[Round "11.5"]
[Board "1"]
[White "Sarana, Alexey"]
[Black "Ivanchuk, Vasyl"]
[Result "1-0"]
[WhiteElo "2713"]
[BlackElo "2635"]
[PlyCount "81"]
[EventDate "2024.09.11"]
[WhiteTeam "Serbia"]
[BlackTeam "Ukraine"]
[WhiteTeamCountry "SRB"]
[BlackTeamCountry "UKR"]

1. d4 Nf6 2. c4 e6 3. Nc3 Bb4 4. e3 O-O 5. Bd3 c5 6. Nge2 cxd4 7. exd4 d5 8. c5 Nc6 ({RR} 8... e5 9. dxe5 Nfd7 10. O-O Nxe5 11. Nxd5 Nxd3 12. Qxd3 Bxc5 13. Bf4 Be6 14. Nec3 Nc6 15. Rad1 Nb4 16. Qb5 Nxd5 17. Nxd5 Rc8 18. Nc7 Qe7 19. Qxb7 Bb6 20. Rc1 Bxa2 21. Qxc8 Rxc8 22. Nd5 Qc5 23. Ne7+ {1-0 Sarana,A (2693)-Eljanov,P (2695) AI Cup Div 2 W 2023 (1.2)}) ({RR} 8... b6 9. a3 Bxc3+ 10. Nxc3 bxc5 11. dxc5 e5 12. Bg5 Be6 13. O-O h6 14. Bh4 g5 15. Bg3 e4 16. Bc2 Bf5 17. Bd6 Be6 18. f3 e3 19. Qd3 Nc6 20. Ne2 d4 21. Nxd4 Nxd4 22. Qxd4 e2 23. Rfe1 {1-0 Tudor,H (2262)-Pourkashiyan,A (2270) Titled Tue 12th Mar Early 2024 (1)}) 9. O-O Bxc3 $146 ({RR} 9... e5 10. dxe5 Nxe5 11. Be3 Neg4 12. Bd4 Qc7 13. Ng3 Bxc5 14. Bxc5 Qxc5 15. Rc1 Be6 16. Bf5 Qb4 17. Rc2 Rac8 18. Re1 Rc6 19. Rd2 Qf4 20. Bb1 Rfc8 21. a3 d4 22. Nb5 Bb3 23. Qxb3 Qxd2 24. Rf1 {0-1 Radzimski,A (1885)-Bukala,W (2020) Ustron Open A 2023 (3.11)}) ({RR} 9... e5 10. a3 Ba5 11. dxe5 Nxe5 12. Bc2 a6 13. Bg5 Be6 14. b4 Bc7 15. Nf4 d4 16. Ne4 d3 17. Nxd3 Bc4 18. Bxf6 gxf6 19. Nxe5 Qxd1 20. Rfxd1 Bxe5 21. Rac1 Rad8 22. Nd6 Be2 23. Re1 Bf4 24. Rb1 {1-0 Sarana,A (2685)-Panesar,V (2391) Titled Tue 25th Jul Late 2023 (11)}) ({RR} 9... e5 10. a3 Bxc3 11. bxc3 e4 12. Bc2 b6 13. Ba4 Bd7 14. Bg5 bxc5 15. dxc5 Ne5 16. Nf4 Bxa4 17. Qxa4 h6 18. Bxf6 Qxf6 19. Nxd5 Nf3+ 20. gxf3 Qg5+ 21. Kh1 Qxd5 22. fxe4 Qxc5 23. Qd4 Rac8 24. Rg1 {½-½ Dev,S (2292)-Pulpan,J (2424) Budapest Vezerkepzo Summer IM 2022 (8)}) 10. Nxc3 Nxd4 11. Bxh7+ Nxh7 12. Qxd4 Qf6 13. Be3 a5 14. Qd2 Bd7 15. Bd4 Qf5 16. Rae1 f6 17. f4 Rf7 18. a4 Nf8 19. h3 Qh7 20. Nb5 Bc6 21. Re3 Re7 22. Qe2 Rd8 23. b3 Ra8 24. Nd6 Rd7 25. Nb5 Qh6 26. Qg4 Re7 27. Nd6 Qg6 28. Qh4 Qh7 29. Qf2 Rd7 30. Rg3 Qh6 31. Rg4 b6 32. Rh4 Qg6 33. f5 exf5 34. Nxf5 bxc5 35. Rg4 Qxg4 36. hxg4 cxd4 37. Nxd4 Bb7 38. g5 fxg5 39. Qf5 Re8 40. Qxg5 Ne6 41. Qg6 1-0

[Event "45th Olympiad 2024"]
[Site "Budapest HUN"]
[Date "2024.09.22"]
[Round "11.5"]
[Board "2"]
[White "Ponomariov, Ruslan"]
[Black "Indjic, Aleksandar"]
[Result "1/2-1/2"]
[WhiteElo "2654"]
[BlackElo "2611"]
[PlyCount "83"]
[EventDate "2024.09.11"]
[WhiteTeam "Ukraine"]
[BlackTeam "Serbia"]
[WhiteTeamCountry "UKR"]
[BlackTeamCountry "SRB"]

1. e4 c5 2. Nf3 d6 3. d4 cxd4 4. Nxd4 Nf6 5. Nc3 a6 6. Be3 e5 7. Nb3 Be7 8. f3 Be6 9. Qd2 h5 10. Nd5 Nxd5 11. exd5 Bf5 12. Be2 Bh4+ 13. g3 Be7 14. O-O-O Nd7 15. Kb1 Rc8 16. Bd3 Bxd3 17. Qxd3 Qc7 18. Nd2 $146 ({RR} 18. h3 O-O 19. g4 h4 20. Rhg1 a5 21. Nd2 a4 22. Ne4 Qc4 23. Qd2 f6 24. Rg2 b5 25. Rdg1 b4 26. b3 Qb5 27. Bf2 g5 28. Be3 Rc7 29. Rd1 Rfc8 30. Qd3 Qa5 31. f4 exf4 32. Bxf4 axb3 {½-½ Mehdi,H (2154)-Liyanage,R (2273) Dhaka Sheikh Russel op 2021 (9)}) ({RR} 18. h4 Bd8 19. Nd2 b5 20. g4 Be7 21. c3 g6 22. Rdf1 Qb7 23. Ne4 Nf6 24. Nxf6+ Bxf6 25. f4 Rc4 26. g5 e4 27. Qe2 Bg7 28. f5 Be5 29. Bf4 Qxd5 30. Bxe5 Qxe5 31. fxg6 fxg6 32. Qe3 Rf8 {0-1 Sowinski,P (2463)-Nazari,A (2382) 22nd Spilimbergo Open 2024 (7.7)}) 18... b5 19. Rc1 Nb6 20. b3 Qb7 21. c4 bxc4 22. Nxc4 Nxd5 23. Nxd6+ Bxd6 24. Rxc8+ Qxc8 25. Qxd5 Ke7 26. Rc1 Qf5+ 27. Kb2 Rd8 28. Bc5 Bxc5 29. Qxc5+ Ke8 30. f4 f6 31. Qc7 Rd7 32. Qc8+ Ke7 33. Qg8 Qg4 34. Rc8 Kd6 35. Qf8+ Kd5 36. Qc5+ Ke6 37. fxe5 Qe2+ 38. Ka3 Rd2 39. Rc6+ Kf7 40. Rc7+ Kg6 41. Rxg7+ Kxg7 42. Qe7+ 1/2-1/2

[Event "45th Olympiad 2024"]
[Site "Budapest HUN"]
[Date "2024.09.22"]
[Round "11.5"]
[Board "3"]
[White "Markus, Robert"]
[Black "Korobov, Anton"]
[Result "1-0"]
[WhiteElo "2586"]
[BlackElo "2650"]
[PlyCount "69"]
[EventDate "2024.09.11"]
[WhiteTeam "Serbia"]
[BlackTeam "Ukraine"]
[WhiteTeamCountry "SRB"]
[BlackTeamCountry "UKR"]

1. d4 Nf6 2. c4 e6 3. Nf3 d5 4. e3 c5 5. cxd5 Nxd5 6. e4 Nb6 7. Nc3 Be7 8. Be3 cxd4 9. Nxd4 O-O 10. Be2 e5 11. Ndb5 Nc6 12. O-O Be6 $146 ({RR} 12... Bd7 13. Nd5 Nxd5 14. exd5 Nb4 15. d6 Bg5 16. a3 Bxe3 17. fxe3 Nc6 18. Bc4 Qg5 19. Qf3 Kh8 20. Rad1 Rad8 21. Qf2 f5 22. Nc7 Qf6 23. b4 a6 24. Rd2 e4 25. Rfd1 Ne5 26. Be2 Bc6 27. h4 {0-1 Teja,R (1490)-Sarana,A (2562) Titled Tuesday intern op 12th Dec blitz 2017 (1)}) 13. b3 a6 14. Qxd8 Bxd8 15. Nd6 Nd4 16. Rad1 Nxe2+ 17. Nxe2 Rb8 18. f4 exf4 19. Nxf4 Bg4 20. Rd2 Nc8 21. Nc4 Bg5 22. h3 b5 23. Ne5 Be6 24. Nd7 Bxd7 25. Rxd7 Re8 26. Bc5 Nb6 27. Ra7 Rxe4 28. Nh5 f6 29. Rxg7+ Kh8 30. Bxb6 Rh4 31. Rxg5 fxg5 32. Bc7 Rc8 33. Be5+ Kg8 34. Nf6+ Kf7 35. Ng4+ 1-0

[Event "45th Olympiad 2024"]
[Site "Budapest HUN"]
[Date "2024.09.22"]
[Round "11.5"]
[Board "4"]
[White "Onyshchuk, Volodymyr"]
[Black "Ivic, Velimir"]
[Result "0-1"]
[WhiteElo "2610"]
[BlackElo "2599"]
[PlyCount "114"]
[EventDate "2024.09.11"]
[WhiteTeam "Ukraine"]
[BlackTeam "Serbia"]
[WhiteTeamCountry "UKR"]
[BlackTeamCountry "SRB"]

1. e4 c5 2. Nf3 d6 3. d4 cxd4 4. Nxd4 Nf6 5. Nc3 a6 6. Be3 e5 7. Nb3 Be6 8. f3 h5 9. Qd2 Nbd7 10. O-O-O Rc8 11. Kb1 Be7 12. g3 b5 13. a4 $146 ({RR} 13. Qf2 O-O 14. Nd5 Nxd5 15. exd5 Bf5 16. Bd3 Bxd3 17. Rxd3 a5 18. g4 hxg4 19. fxg4 Rc4 20. Rg1 Qc7 21. c3 Nf6 22. Bb6 Qd7 23. h3 a4 24. Na5 Rf4 25. Qe2 Re4 26. Qg2 Rb8 27. Bf2 a3 {1-0 Battulga,N (2357)-Bitoon,R (2476) Asian Continental op 09th 2010 (8)}) ({RR} 13. Nd5 Bxd5 14. exd5 Nb6 15. Bxb6 Qxb6 16. Na5 Rc5 17. c4 bxc4 18. Nxc4 Qb7 19. Ne3 O-O 20. Bd3 Rb8 21. Rc1 Rbc8 22. Rxc5 Rxc5 23. Rc1 Rxc1+ 24. Qxc1 g6 25. a3 Qb6 26. Qd2 Qd4 27. Kc2 Bf8 {½-½ Akopian,V (2648)-Anand,V (2803) Wch Blitz 9th 2015 (9)}) ({RR} 13. Qf2 Rxc3 14. bxc3 Qc7 15. h3 d5 16. Bd3 dxe4 17. fxe4 a5 18. Bc1 a4 19. Nd2 Qxc3 20. Bb2 Qa5 21. Qe2 Bb4 22. Bxb5 O-O 23. a3 Bxd2 24. Rxd2 Nc5 25. c4 Nfxe4 26. Rc2 f6 27. g4 h4 {0-1 Tillyaev,U (2263)-Atabayew,S (2506) 17th Agzamov Mem 2024 (5.8)}) ({RR} 13. Nd5 Bxd5 14. exd5 Nb6 15. Bh3 Nc4 16. Qe2 Rb8 17. f4 Qc7 18. fxe5 dxe5 19. Bg5 Rb6 20. Nd2 Ba3 21. d6 Bxd6 22. Bxf6 Nxd2+ 23. Rxd2 gxf6 24. Rhd1 Ke7 25. Qf3 a5 26. Bf5 a4 27. g4 h4 {½-½ Lhotka,J (2072)-Balin,J (2309) Czech Fed-ch opA 2013 (6)}) ({RR} 13. Nd5 Nxd5 14. exd5 Bf5 15. Bd3 Bxd3 16. Qxd3 Bg5 17. f4 Bf6 18. h3 O-O 19. g4 exf4 20. Bxf4 Ne5 21. Bxe5 Bxe5 22. gxh5 Qg5 23. Qf3 Rc4 24. Rhg1 Qh6 25. Rg4 Rfc8 26. c3 Qh7+ 27. Qd3 Qxh5 {1-0 Iniyan,P (2506)-Yan,R (2093) North American op 30th 2020 (1)}) 13... bxa4 14. Nxa4 O-O 15. Bxa6 Ra8 16. Bb5 Qb8 17. Qe2 Rc8 18. Rd2 Rxa4 19. Bxa4 Bc4 20. Qd1 Qb4 21. Bxd7 Nxd7 22. Rd3 Ra8 23. Rc3 Nf6 24. Rxc4 Qxc4 25. Bg5 Qa4 26. Bxf6 Bxf6 27. h4 g6 28. Qd5 Qa2+ 29. Kc1 Qa7 30. Rf1 Bd8 31. c3 Rb8 32. Kc2 Qa6 33. Rd1 Qe2+ 34. Nd2 Rxb2+ 35. Kxb2 Qxd1 36. Qxd6 Bb6 37. Qxb6 Qxd2+ 38. Kb3 Qd1+ 39. Kb2 Qd2+ 40. Kb3 Qd1+ 41. Kb4 Qb1+ 42. Kc5 Qg1+ 43. Kb5 Qxg3 44. c4 Qxf3 45. c5 Qd3+ 46. Kc6 Qxe4+ 47. Kc7 Qxh4 48. c6 e4 49. Kb7 Qe7+ 50. c7 e3 51. Qd4 Kh7 52. Kb8 e2 53. c8=Q f6 54. Qd5 e1=Q 55. Qcg8+ Kh6 56. Qh8+ Qh7 57. Qxf6 Qg3+ 0-1

[Event "45th Olympiad 2024"]
[Site "Budapest HUN"]
[Date "2024.09.22"]
[Round "11.6"]
[Board "1"]
[White "Martirosyan, Haik M."]
[Black "Maghsoodloo, Parham"]
[Result "1-0"]
[WhiteElo "2667"]
[BlackElo "2723"]
[PlyCount "143"]
[EventDate "2024.09.11"]
[WhiteTeam "Armenia"]
[BlackTeam "Iran"]
[WhiteTeamCountry "ARM"]
[BlackTeamCountry "IRI"]

1. e4 c5 2. Nf3 d6 3. Nc3 a6 4. g3 e5 5. Bg2 Nf6 ({RR} 5... g6 6. d3 Nc6 7. Nd2 Nge7 8. Nc4 Bg7 9. h4 h5 10. a4 Bg4 11. f3 Be6 12. Ne3 Bh6 13. Ned5 Bxc1 14. Nf6+ Kf8 15. Qxc1 Kg7 16. Qg5 Nb4 17. Rc1 Nec6 18. Nfd5 Qxg5 19. hxg5 Bxd5 20. Nxd5 {0-1 Tymrakiewicz,R (2136)-Brzezina,P (2295) ch-Malopolska 2024 (3.7)}) 6. d3 Be7 7. O-O O-O 8. Bg5 $146 ({RR} 8. Ng5 h6 9. Nh3 Nc6 10. f4 Bg4 11. Qd2 Nd4 12. Kh1 c4 13. Nf2 cxd3 14. Nxd3 exf4 15. gxf4 Be6 16. Qf2 Nb5 17. Bd2 Nxc3 18. Bxc3 Ne8 19. Rad1 Rc8 20. e5 Bxa2 21. Bxb7 Rxc3 22. bxc3 Qc7 {1-0 Welling,G (2399)-Van Blitterswijk,S (2379) NED-chT 0506 2005 (1.6)}) ({RR} 8. a4 Nc6 9. h3 Re8 10. Nd2 Rb8 11. Nc4 b5 12. axb5 axb5 13. Ne3 g6 14. Kh2 Nd4 15. Ncd5 Nxd5 16. Nxd5 Bf8 17. c3 Ne6 18. f4 Nc7 19. Ne3 exf4 20. gxf4 Bg7 21. f5 Bb7 22. Ra7 d5 {1-0 Beerdsen,T (2477)-Kabos,T (2299) Groningen op 56th 2018 (3)}) ({RR} 8. Be3 Nc6 9. Nd5 Nxd5 10. exd5 Nb4 11. Nd2 a5 12. a3 Na6 13. h4 b5 14. f4 exf4 15. Bxf4 Bf6 16. Rb1 Qb6 17. Be4 c4+ 18. Kg2 cxd3 19. Bxd3 Bb7 20. Be4 Nc5 21. Be3 Rfe8 22. b4 Bc3 {½-½ Parren,A (1405)-Seibt,S (1585) Maastricht Limburg op-C 8th 2014 (2)}) 8... Be6 9. Nd2 Nc6 10. f4 Bg4 11. Qe1 Bd7 12. Nc4 Nd4 13. fxe5 dxe5 14. Qf2 Be6 15. Bxf6 Bxf6 16. Nd5 Bxd5 17. exd5 b5 18. Ne3 Bg5 19. Rae1 Bxe3 20. Rxe3 b4 21. Rxe5 Qd6 22. Rfe1 g6 23. c3 Nb5 24. c4 Nd4 25. h4 a5 26. Bh3 a4 27. Re7 f5 28. Bg2 f4 29. R1e5 fxg3 30. Qd2 Ra7 31. Qg5 h6 32. Qe3 Nf5 33. R7e6 Qxe6 34. dxe6 Nxe3 35. Rxe3 Rf2 36. e7 Rxe7 37. Rxe7 Rxb2 38. Bd5+ Kf8 39. Rf7+ Ke8 40. Ra7 a3 41. d4 cxd4 42. c5 d3 43. Bf7+ Kf8 44. Bxg6 d2 45. Rf7+ Kg8 46. Rf1 Kg7 47. Bb1 g2 48. Rd1 Kf6 49. Kxg2 Ke5 50. Kf2 Kd5 51. Bh7 Kxc5 52. Bg8 Kd4 53. Ke2 Kc3 54. h5 Rc2 55. Rb1 d1=Q+ 56. Kxd1 Rd2+ 57. Ke1 Rg2 58. Rb3+ Kd4 59. Rxb4+ Ke3 60. Rb3+ Kd4 61. Rb8 Rg5 62. Ra8 Rxh5 63. Ra4+ Kc3 64. Rxa3+ Kb2 65. Rg3 Rf5 66. Bb3 h5 67. Rh3 Ra5 68. Kf2 Ka3 69. Kg3 Rc5 70. Kh4 Kb2 71. Rg3 Ka3 72. Rg5 1-0

[Event "45th Olympiad 2024"]
[Site "Budapest HUN"]
[Date "2024.09.22"]
[Round "11.6"]
[Board "2"]
[White "Tabatabaei, M. Amin"]
[Black "Sargsyan, Shant"]
[Result "1/2-1/2"]
[WhiteElo "2714"]
[BlackElo "2649"]
[PlyCount "101"]
[EventDate "2024.09.11"]
[WhiteTeam "Iran"]
[BlackTeam "Armenia"]
[WhiteTeamCountry "IRI"]
[BlackTeamCountry "ARM"]

1. c4 e6 2. Nc3 d5 3. d4 c5 4. cxd5 exd5 5. Nf3 Nc6 6. dxc5 d4 7. Na4 Bxc5 8. Nxc5 Qa5+ 9. Bd2 Qxc5 10. Rc1 Qb6 11. e3 Nf6 12. Qa4 O-O 13. Nxd4 Qxb2 14. Nxc6 bxc6 15. Qc2 Rb8 16. Bc4 Qxc2 17. Rxc2 Bf5 18. Rc1 Ne4 19. Ba5 Rb2 20. O-O Nd2 21. Bxd2 Rxd2 22. f3 $146 ({RR} 22. Bb3 Rc8 23. f3 c5 24. Rf2 Rd6 25. e4 Be6 26. Bxe6 fxe6 27. Rfc2 Ra6 28. Rxc5 Rxc5 29. Rxc5 Rxa2 30. Rc7 Kf8 31. h4 h5 32. Kh2 a5 33. Kh3 a4 34. g4 a3 35. Ra7 g6 36. Kg3 e5 {½-½ Lodici,L (2483)-Valsecchi,A (2519) ITA-ch Online Final KO rapid 2020 (2.1)}) 22... Rfd8 23. Rfe1 Be6 24. Bxe6 fxe6 25. a4 Ra2 26. Ra1 Rdd2 27. Rxa2 Rxa2 28. Rc1 Rxa4 29. Rxc6 Kf7 30. Kf2 Ra2+ 31. Kg3 e5 32. e4 h6 33. h4 h5 34. Kh3 Ra3 35. Rc5 Kf6 36. Rc8 g6 37. Kh2 Ra2 38. Rc3 a5 39. Kh3 a4 40. Rc6+ Kf7 41. Ra6 Ra1 42. Kg3 a3 43. f4 Re1 44. Rxa3 Rxe4 45. Rf3 Rxf4 46. Rxf4+ exf4+ 47. Kxf4 Kf6 48. g4 hxg4 49. Kxg4 Kf7 50. h5 gxh5+ 51. Kxh5 1/2-1/2